Использование релевантности в полнотекстовом поиске в системах управления производством; Современные техника и технологии; Т. 2
| Parent link: | Современные техника и технологии: сборник трудов XX международной научно-практической конференции студентов, аспирантов и молодых ученых, Томск, 14-18 апреля 2014 г./ Национальный исследовательский Томский политехнический университет (ТПУ).— , 2014 Т. 2.— 2014.— [С. 193-194] |
|---|---|
| 1. Verfasser: | |
| Körperschaft: | |
| Weitere Verfasser: | |
| Zusammenfassung: | Заглавие с титульного экрана |
| Sprache: | Russisch |
| Veröffentlicht: |
2014
|
| Schriftenreihe: | Информатика и управление в технических системах |
| Schlagworte: | |
| Online-Zugang: | http://earchive.tpu.ru/handle/11683/20801 http://www.lib.tpu.ru/fulltext/c/2014/C01/V2/094.pdf |
| Format: | Elektronisch Buchkapitel |
| KOHA link: | https://koha.lib.tpu.ru/cgi-bin/koha/opac-detail.pl?biblionumber=606868 |
MARC
| LEADER | 00000naa2a2200000 4500 | ||
|---|---|---|---|
| 001 | 606868 | ||
| 005 | 20260306105500.0 | ||
| 035 | |a (RuTPU)RU\TPU\conf\4247 | ||
| 035 | |a RU\TPU\conf\4246 | ||
| 090 | |a 606868 | ||
| 100 | |a 20140619d2014 k y0rusy50 ca | ||
| 101 | 0 | |a rus | |
| 102 | |a RU | ||
| 135 | |a drcn ---uucaa | ||
| 181 | 0 | |a i | |
| 182 | 0 | |a b | |
| 200 | 1 | |a Использование релевантности в полнотекстовом поиске в системах управления производством |f Е. И. Костыря |g науч. рук. Р. В. Ковин | |
| 203 | |a Текст |c электронный | ||
| 225 | 1 | |a Информатика и управление в технических системах | |
| 300 | |a Заглавие с титульного экрана | ||
| 320 | |a [Библиогр.: с. 194 (5 назв.)] | ||
| 337 | |a Adobe Reader | ||
| 461 | 1 | |0 (RuTPU)RU\TPU\conf\3687 |t Современные техника и технологии |o сборник трудов XX международной научно-практической конференции студентов, аспирантов и молодых ученых, Томск, 14-18 апреля 2014 г. |o в 3 т. |f Национальный исследовательский Томский политехнический университет (ТПУ) |d 2014 | |
| 463 | 1 | |0 (RuTPU)RU\TPU\conf\3689 |t Т. 2 |v [С. 193-194] |d 2014 | |
| 610 | 1 | |a труды учёных ТПУ | |
| 610 | 1 | |a электронный ресурс | |
| 610 | 1 | |a релевантность | |
| 610 | 1 | |a полнотекстовый поиск | |
| 610 | 1 | |a ERP-системы | |
| 610 | 1 | |a MES | |
| 610 | 1 | |a производственные данные | |
| 610 | 1 | |a системы управления | |
| 700 | 1 | |a Костыря |b Е. И. | |
| 702 | 1 | |a Ковин |b Р. В. |c российский учёный в области вычислительной техники |c доцент Томского политехнического университета |g Роман Владимирович |4 727 | |
| 712 | 0 | 2 | |a Национальный исследовательский Томский политехнический университет (ТПУ) |b Институт кибернетики (ИК) |b Кафедра вычислительной техники (ВТ) |3 (RuTPU)RU\TPU\col\18699 |
| 801 | 2 | |a RU |b 63413507 |c 20210310 |g RCR | |
| 856 | 4 | |u http://earchive.tpu.ru/handle/11683/20801 | |
| 856 | 4 | |u http://www.lib.tpu.ru/fulltext/c/2014/C01/V2/094.pdf | |
| 942 | |c CF | ||